Neurorehab 2015 úplné texty prednášok z V. medzinárodného neurorehabilitačného kongresu "Neurorehab 2015" : Ružomberok, Aula ÚVN SNP FN Ružomberok, 5.-6.3.2015

Bibliographic Details
Corporate Author: NeuroRehab Ružomberok, Slovensko
Other Authors: Madarász, Štefan, 1956- (Editor)
Format: Conference Proceeding Book
Language:Slovak
English
Polish
PhysicalDescription:187 s. fotogr., grafy, ilustr., tab. 21 cm
Published: Kútniky Almil 2016
ISBN:9788097193836
Subjects:

MARC

LEADER 00000nam a2200000 a 4500
001 vtls011627292
003 SK-MaSNL
005 20260301140627.0
008 220509s2016 xo oda f n 100 0 slo
015 |a SNBA2017/05 
020 |a 9788097193836  |q (brož.) 
035 |a urn:nbn:sk:snk-am00gji2 
035 |a urn:nbn:sk:snk-am3j51f 
035 |a B39268F0-41D0-464D-B7AD-F79815512BA6 
040 |a SNK  |b slo  |c SNK  |e AACR2 
041 0 |a slo  |a eng  |a pol  |b eng 
044 |a xo  |c SK 
072 7 |a 615.8  |x Fyzioterapia. Psychoterapia. Alternatívna medicína  |2 konspekt 
080 |a 615.8:616.8  |2 2011 
080 |a (062.534)  |2 2011 
111 2 |a NeuroRehab  |n (5. :  |d 2015 :  |c Ružomberok, Slovensko)  |9 493530 
245 1 0 |a Neurorehab 2015  |b úplné texty prednášok z V. medzinárodného neurorehabilitačného kongresu "Neurorehab 2015" : Ružomberok, Aula ÚVN SNP FN Ružomberok, 5.-6.3.2015  |c [editor] Štefan Madarász 
260 |a Kútniky  |b Almil  |c 2016 
300 |a 187 s.  |b fotogr., grafy, ilustr., tab.  |c 21 cm 
366 |e 100 výt. 
504 |a Bibliogr. 
546 |a Text aj v angl. a poľ. Res. angl. 
650 0 7 |a neurorehabilitácia  |2 SNKPH  |9 76075 
650 0 7 |a Neurorehabilitation  |2 SNKPHeng  |9 347455 
655 7 |a zborníky konferencií  |2 SNKPH  |9 70153 
655 7 |a Proceedings of conferences  |2 SNKPHeng  |9 265791 
700 1 |a Madarász, Štefan,  |d 1956-  |4 edt  |9 161550 
919 |a 978-80-971938-3-6 
958 |a MI 
958 |a NB 
999 |c 764413  |d 766343 
952 |a SNK  |b SNK  |y VYP  |7 0  |p 17A1257944  |o snkSC 174453 D1  |i snk2017/10220  |8 0  |0 0  |1 0  |4 0  |d 2017-05-04  |l 1  |r 2026-03-18 13:29:59  |s 2026-02-28  |w 2026-02-24 
952 |a SNK  |b SNK  |y PREZ  |7 0  |p 17A1257943  |o snkSC 174453  |i snk2017/10219  |8 0  |0 0  |1 0  |4 0  |d 2017-05-04  |f 1  |l 0  |r 2025-09-16 00:00:00  |w 2026-02-24